| 000 | nam a22 a 4500 | ||
|---|---|---|---|
| 999 |
_c149287 _d149287 |
||
| 003 | BLK | ||
| 005 | 20210202142549.0 | ||
| 008 | 180410b bul|||||r ||||||| ||bul|| | ||
| 010 | _aKNG00155541000 | ||
| 040 | _aBLK | ||
| 041 |
_aBUL _cBUL |
||
| 080 |
_aПроизводство на сапун. Сапунена промишленост. Перилни препарати, избелители _b661.187 _z661.187 |
||
| 100 | 1 |
_aЛилов, Иван Петров _eпърви автор _9380353 |
|
| 139 |
_aЛилов, Иван Петров _bЛ 58 |
||
| 245 | 1 | 0 |
_aСапунения генерал _bНауч.-худож. кн. за предучилищна и нач. училищна възраст _cИван Петров Лилов; худож. Людмил Тошков Чехларов. |
| 257 | _aBGR | ||
| 260 |
_bОтечество _c1986 _fРусе : Дунав _aСофия |
||
| 300 |
_a32 с. _bс цв. ил. _c34 см |
||
| 380 | _aDN | ||
| 500 | _a24 117 тир. | ||
| 650 | 4 |
_aСапун - технология _9170227 |
|
| 653 | _aсапунена промишленост | ||
| 653 | _aнаучно-популярни книги | ||
| 653 | _aдетска литература | ||
| 700 | 1 |
_aЧехларов, Людмил Тошков _eхудож. _9376687 |
|
| 852 | _aЦб ІІ 19710 | ||
| 856 | 4 | _qpdf | |
| 856 | 4 | _qpdf | |
| 942 |
_cKNG _n0 _s1 |
||
| 944 |
_aCR _c11.01.2014 _l11.01.2014 - от С1,Р / 11.01.2014 _kМитко_Георгиев |
||
| 944 |
_aED _c11.01.2014 _l11.01.2014 - от С1,Р / 11.01.2014 |
||
| 999 | _d149287 | ||